Electronic business (Record no. 258500)

MARC details
000 -LEADER
fixed length control field 00850nam a2200241Ia 4500
008 - FIXED-LENGTH DATA ELEMENTS--GENERAL INFORMATION
fixed length control field 191130s2008##################000#0#eng##
020 ## - INTERNATIONAL STANDARD BOOK NUMBER
ISBN 9781902505893
082 ## - DEWEY DECIMAL CLASSIFICATION NUMBER
Classification number 338 SAM
100 ## - MAIN ENTRY--AUTHOR NAME
Personal name Sampson, Geoffrey
245 ## - TITLE STATEMENT
Title Electronic business
Statement of responsibility, etc Geoffrey Sampson
250 ## - EDITION STATEMENT
Edition statement 2nd ed
260 ## - PUBLICATION, DISTRIBUTION, ETC. (IMPRINT)
Place of publication Swindon, UK
Name of publisher British Computer Society
Year of publication 2008
300 ## - PHYSICAL DESCRIPTION
Number of Pages xx, 257 p. : ill. ; 25 cm
500 ## - GENERAL NOTE
General note Rev. ed. of: E.biz : the anatomy of electronic business. Amsterdam : Elsevier/Butterworth-Heinemann, 2004. Includes bibliographical references (p. 245-252) and index
650 ## - SUBJECT ADDED ENTRY--TOPICAL TERM
Topical Term Business enterprises - Computer networks
Topical Term Electronic commerce
710 ## - ADDED ENTRY--CORPORATE NAME
Corporate name or jurisdiction name as entry element British Computer Society
991 ## -
-- 161041
Holdings
Withdrawn status Lost status Damaged status Not for loan Home library Current library Shelving location Date acquired Full call number Accession Number Price effective from Koha item type
        Anna Centenary Library Anna Centenary Library 4TH FLOOR, A WING 13.10.2020 338 SAM 310842 13.10.2020 English Books
        Anna Centenary Library Anna Centenary Library 4TH FLOOR, A WING 13.10.2020 338 SAM 580568 13.10.2020 English Books

Find us on the map